000
00323nam a2200133Ia 4500
100
_a
Lucas/Henry/C
942
_c
BK
654
_a
analysis
245
_a
Analysis design and implementation of information system
260
_b
McGraw Hill
_a
New York
_c
1985
082
_a
658.40388
_b
LUC
300
_a
495
546
_a
ENGLISH
999
_c
24873
_d
24873